Los gramáticos. Historia chinesca

Salvato in:
Dettagli Bibliografici
Autore principale: Forner, Juan Pablo
Natura: Libro
Lingua:Undetermined
Pubblicazione: Madrid, España Espasa-Calpe 1970
Soggetti:
Tags: Aggiungi Tag
Nessun Tag, puoi essere il primo ad aggiungerne!!

MARC

LEADER 00000nam a2200000Ia 4500
008 170316s9999 xx 000 0 und d
040 |a cru BVZT 
090 |a 862 F-16g 
100 |a Forner, Juan Pablo 
245 |a Los gramáticos. Historia chinesca 
260 |a Madrid, España 
260 |b Espasa-Calpe 
260 |c 1970 
300 |a 212 páginas 
650 |a LITERATURA ESPAÑOLA 
999 |c 9844  |d 9844 
942 |c 15 D  |h 862 F-16g  |2 z